Расчеты НКФ с Госбанком за 1929/30 г.

Доступно только в Электронных читальных залах Найти на картеНа карте
RUSMARC
00004379nmc2a22003013x 450
0014887ae47-6ce3-4652-b6e5-010eb2d9daff
00520231228012734.0
100##$a20231107l19301930k y0rusy50 ca
1010#$arus
$amul
102##$aRU
105##$aa z |||||
1222#$ad19300121
$ad19300706
1222#$ad1929
$ad1930
2001#$aРасчеты НКФ с Госбанком за 1929/30 г.
$j21.01.1930 - 06.07.1930
215##$a36 листов
$cтабл.
$d36,5 х 21,8
251##$cДело
300##$aЧасть текста на языках народов СССР
300##$aОбратная нумерация
300##$aЗаголовок дела на папке отсутствует
300##$aЧасть текста машинописная и рукописная, часть - напечатана типографским способом
461#0$1001796d4672-8a00-4986-b488-6e42273792cc
$12001
$aЦЕНТРАЛЬНЫЙ ИСПОЛНИТЕЛЬНЫЙ КОМИТЕТ СССР (ЦИК СССР).
$1251
$cФонд
$1852
$gР
$j3316
462#0$10017ec774ca-f130-4901-bc43-09a1cb14aa51
$12001
$aДела Секретариата Президиума ЦИК Союза ССР. 1930 г.
$vД. 539
$1251
$cОпись
$1852
$j23
60101$3RU\NLR\AUTH\880357276
$aСССР
$bЦИК
60102$3RU\NLR\AUTH\66114868
$aСССР. Государственный банк
60101$3RU\NLR\AUTH\8810041768
$aСССР
$bНародный комиссариат финансов
801#0$aRU
$bGA_RF
801#1$aRU
$bГлавНИВЦ
$c20231107
$2rusmarc
801#2$aRU
$bПБ им. Б.Н. Ельцина
$c20231228
$gRCR
$2rusmarc
852##$aГА РФ
$j539
937##$d190253709
$hГАРФ
035##$aRuPRLIB51074968
856##$uhttp://readingroom.main.prlib.ru/item.aspx?id_node=n190253709&mode=full
Формат отображения